000 00543nam a2200181Ia 4500
003 GCL
008 140319s9999 xx 000 0 ara d
040 _aGCL /
_cGCL
082 0 4 _a811.9
_bم ش
100 1 _aمصطفى طلاس
245 1 0 _aشاعر وقصيدة : مختارات شعرية /
_cمصطفى طلاس
260 _a[S.N] :
_bدار طلاس للدراسات والترجمة ،
_c1985
300 _aمتعدد
490 _a
650 0 4 _aالشعر العربى
650 0 4 _aدواوين وقصائد
942 _2ddc
_cBK
999 _c33560
_d33560